[Event "VI Torneo Primavera Vomero"]
[Site "Napoli ITA"]
[Date "2009.03.12"]
[Round "1"]
[White "Angelotti, Mario"]
[Black "Cante, Guido"]
[Result "0-1"]
[WhiteElo "1398"]
[BlackElo "1781"]
[PlyCount "60"]
[EventDate "2009.03.12"]

1. e4 Nf6 2. e5 Nd5 3. d4 d6 4. Nf3 Bg4 5. Be2 e6 6. h3 Bh5 7. c4 Nb6 8. b3
dxe5 9. dxe5 Qxd1+ 10. Bxd1 Nc6 11. O-O O-O-O 12. a4 Nd7 13. Bf4 Bxf3 14. Bxf3
Ndxe5 15. Bxc6 Nxc6 16. Nc3 Bd6 17. Be3 Be5 18. Rac1 Rd3 19. Ne4 Bd4 20. Bxd4
Nxd4 21. Rfd1 Ne2+ 22. Kf1 Nxc1 23. Rxc1 Rxb3 24. Ng5 Rb2 25. f3 Rd8 26. Nxf7
Rdd2 27. Ke1 Rxg2 28. Kf1 Rgf2+ 29. Ke1 Rxf3 30. Ng5 Rg3 0-1

[Event "VI Torneo Primavera Vomero"]
[Site "Napoli ITA"]
[Date "2009.03.12"]
[Round "1"]
[White "De Rosa, Francesco"]
[Black "Capaldo, Salvatore"]
[Result "1-0"]
[WhiteElo "1948"]
[BlackElo "1577"]
[PlyCount "102"]
[EventDate "2009.03.12"]

1. e4 e5 2. Nf3 Nc6 3. Bc4 Bc5 4. c3 Nf6 5. d3 d6 6. h3 h6 7. Bb3 b5 8. O-O Bd7
9. d4 exd4 10. cxd4 Bb6 11. e5 Nh7 12. exd6 cxd6 13. Re1+ Ne7 14. Bf4 Bc6 15.
d5 Bb7 16. Nd4 Bxd4 17. Qxd4 O-O 18. Nc3 a6 19. Ne4 Nf5 20. Qd3 Qd7 21. Bc2 g6
22. g4 Nh4 23. Bxh6 Rfe8 24. Qg3 Qd8 25. Qc3 Re5 26. f4 Rc8 27. Qg3 Rxc2 28.
fxe5 Rg2+ 29. Qxg2 Nxg2 30. Kxg2 dxe5 31. Rad1 f5 32. gxf5 gxf5 33. Kh2 Kf7 34.
Rg1 fxe4 35. Rg7+ Ke8 36. Rxh7 Qf6 37. Rd2 Bxd5 38. Be3 Qf3 39. Rh8+ Kf7 40.
Rf2 Kg7 41. Rxf3 exf3 42. Rh5 Bxa2 43. Rxe5 Kf6 44. Bd4 Kg6 45. Re1 Bc4 46. Kg3
Be2 47. b4 Kf5 48. Kf2 Kg5 49. Rh1 Kh4 50. Bf6+ Kh5 51. Ra1 Kg6 1-0

[Event "VI Torneo Primavera Vomero"]
[Site "Napoli ITA"]
[Date "2009.03.12"]
[Round "1"]
[White "Della Corte, Alessandro"]
[Black "Borrelli, Salvatore"]
[Result "1/2-1/2"]
[WhiteElo "2238"]
[BlackElo "1746"]
[PlyCount "98"]
[EventDate "2009.03.12"]

1. d4 e6 2. Nf3 d5 3. c4 c6 4. g3 dxc4 5. Bg2 Nd7 6. O-O Ngf6 7. Qc2 Be7 8.
Qxc4 O-O 9. Rd1 Qc7 10. Nc3 Nb6 11. Qb3 Nbd5 12. Bd2 Qb6 13. Qc2 Nxc3 14. Bxc3
Nd5 15. Be1 Nb4 16. Qc4 Nd5 17. e4 Nf6 18. Ne5 Nd7 19. Nd3 Nf6 20. b4 Bd7 21.
a4 Rac8 22. Bd2 Rfd8 23. Nc5 a6 24. h3 Be8 25. Be3 Qa7 26. Qe2 Nd7 27. Nd3 Qb8
28. Bf4 Qa7 29. Be3 Qb8 30. f4 g6 31. Rab1 Nb6 32. d5 Nxa4 33. Qc2 cxd5 34. Nc5
Nxc5 35. bxc5 d4 36. Rxd4 Bxc5 37. Qf2 Qa7 38. Rxd8 Bxe3 39. Rxc8 Bxf2+ 40. Kh2
Kf8 41. e5 Qe3 42. Rxb7 Qxg3+ 43. Kh1 Qe3 44. Rb1 a5 45. h4 a4 46. Rbb8 Qe1+
47. Kh2 Bxh4 48. Rxe8+ Kg7 49. Ra8 Qg3+ 1/2-1/2

[Event "VI Torneo Primavera Vomero"]
[Site "Napoli ITA"]
[Date "2009.03.12"]
[Round "1"]
[White "Di Gennaro, Antonio"]
[Black "De Meo, Guido"]
[Result "0-1"]
[WhiteElo "1592"]
[BlackElo "1974"]
[PlyCount "62"]
[EventDate "2009.03.12"]

1. e4 c5 2. Nf3 d6 3. d4 cxd4 4. Nxd4 Nf6 5. Nc3 a6 6. Be3 Ng4 7. Bg5 h6 8. Bh4
g5 9. Bg3 Bg7 10. h3 Nf6 11. Qe2 Qb6 12. O-O-O Nc6 13. Nxc6 bxc6 14. e5 dxe5
15. Bxe5 O-O 16. Na4 Qa5 17. b3 Be6 18. Bc3 Qf5 19. g4 Qf4+ 20. Bd2 Qc7 21. Nc5
Bd5 22. f3 Qd6 23. Be3 Qe5 24. Bd4 Qf4+ 25. Qd2 Bxf3 26. Qxf4 gxf4 27. Bxa6
Bxh1 28. Rxh1 Nd5 29. Bf2 Nb4 30. Bb7 Rxa2 31. Kb1 Ra1# 0-1

[Event "VI Torneo Primavera Vomero"]
[Site "Napoli ITA"]
[Date "2009.03.12"]
[Round "1"]
[White "Donzella, Emanuele"]
[Black "Sorrentino, Michele"]
[Result "0-1"]
[WhiteElo "1673"]
[BlackElo "2026"]
[PlyCount "68"]
[EventDate "2009.03.12"]

1. e4 d6 2. d4 Nf6 3. Nc3 Nbd7 4. f4 Nb6 5. Nf3 g6 6. Bd3 Bg7 7. h3 c6 8. Qe2
Qc7 9. Be3 Bd7 10. Bg1 O-O 11. Bh2 Rae8 12. O-O-O a5 13. g4 Bc8 14. Rhf1 Nfd7
15. f5 e5 16. fxe6 Rxe6 17. Kb1 Nf6 18. Qg2 Qd8 19. Ng5 Re7 20. d5 h6 21. Nf3
cxd5 22. e5 Ne8 23. exd6 Nxd6 24. Nb5 Ndc4 25. Bg1 Nxb2 26. Rde1 Rxe1+ 27. Nxe1
N6a4 28. Qd2 Bd7 29. Nd4 Qb6 30. Nb3 d4 31. Qxa5 Qd6 32. Qd2 Qa3 33. Nxd4 Nc3+
34. Kc1 Nxd3# 0-1

[Event "VI Torneo Primavera Vomero"]
[Site "Napoli ITA"]
[Date "2009.03.12"]
[Round "1"]
[White "Irtuso, Emanuele"]
[Black "Supino, Domenico"]
[Result "0-1"]
[WhiteElo "1714"]
[BlackElo "2080"]
[PlyCount "100"]
[EventDate "2009.03.12"]

1. e4 c5 2. Nf3 e6 3. c3 d5 4. exd5 Qxd5 5. c4 Qd6 6. g3 Nc6 7. Bg2 Nf6 8. O-O
Be7 9. Nc3 O-O 10. Qe2 a6 11. a3 Rd8 12. Re1 h6 13. b3 Nd4 14. Nxd4 Qxd4 15.
Bb2 Qxd2 16. Rad1 Qxe2 17. Rxd8+ Bxd8 18. Rxe2 Rb8 19. Na4 Nd7 20. Nc3 Be7 21.
f4 Nf6 22. a4 Kf8 23. Rd2 b6 24. Ne4 Bb7 25. Nxf6 gxf6 26. Rd7 Bxg2 27. Kxg2
Ke8 28. Ra7 Rd8 29. Bc3 Rd3 30. Ra8+ Kd7 31. Ra7+ Kd6 32. Be1 a5 33. Rb7 Rxb3
34. Bxa5 Bd8 35. Be1 Bc7 36. a5 Kc6 37. Ra7 Rb1 38. Bc3 Rc1 39. axb6 Kxb6 40.
Ra3 e5 41. Rb3+ Kc6 42. fxe5 fxe5 43. Kh3 Rc2 44. Ba1 Rxc4 45. Rf3 Rc1 46. Bb2
Rc2 47. Ba1 e4 48. Rxf7 e3 49. Re7 e2 50. Bg7 Ba5 0-1

[Event "VI Torneo Primavera Vomero"]
[Site "Napoli ITA"]
[Date "2009.03.12"]
[Round "1"]
[White "La Gatta, Giovanni"]
[Black "Solombrino, Giovanni"]
[Result "1-0"]
[WhiteElo "2136"]
[BlackElo "1728"]
[PlyCount "41"]
[EventDate "2009.03.12"]

1. d4 Nf6 2. c4 g6 3. Nc3 d5 4. cxd5 Nxd5 5. e4 Nxc3 6. bxc3 Bg7 7. Nf3 c5 8.
Rb1 O-O 9. Be2 Nc6 10. d5 Bxc3+ 11. Bd2 Bxd2+ 12. Qxd2 Nb8 13. O-O b6 14. Qh6
f6 15. Rfd1 Qd6 16. e5 Qd8 17. e6 Ba6 18. Bxa6 Nxa6 19. Rb3 g5 20. Nxg5 fxg5
21. Rh3 1-0

[Event "VI Torneo Primavera Vomero"]
[Site "Napoli ITA"]
[Date "2009.03.12"]
[Round "1"]
[White "Lombardi, Ottavio"]
[Black "Rosato, Luciano"]
[Result "0-1"]
[WhiteElo "1770"]
[BlackElo "2267"]
[PlyCount "119"]
[EventDate "2009.03.12"]

1. d4 Nf6 2. c4 g6 3. Nc3 Bg7 4. e4 d6 5. Nf3 O-O 6. Be2 e5 7. O-O Nc6 8. d5
Ne7 9. b4 Nh5 10. Re1 f5 11. Nd2 Nf4 12. Bf1 a5 13. bxa5 Rxa5 14. Nb3 Ra8 15.
f3 b6 16. Be3 fxe4 17. fxe4 Kh8 18. a4 Ng8 19. a5 bxa5 20. Nxa5 Qf6 21. Nc6
Rxa1 22. Qxa1 Bh6 23. Qc1 Bg5 24. g3 Nh3+ 25. Bxh3 Bxe3+ 26. Qxe3 Bxh3 27. Qe2
Nh6 28. Nd1 Ng4 29. Nb4 Qd8 30. Nd3 Qb8 31. N3f2 Qa7 32. Qd2 Kg7 33. Re2 Nxf2
34. Rxf2 Rf3 35. Kh1 Bg4 36. Kg1 Rxf2 37. Nxf2 Bf3 38. Qe1 Qd4 39. Qc1 Bxe4 40.
Kf1 Bd3+ 41. Kg2 Bxc4 42. Qg5 Bxd5+ 43. Kf1 Qa1+ 44. Ke2 Bc4+ 45. Kf3 Bd5+ 46.
Ke2 Qb2+ 47. Ke1 Qb1+ 48. Ke2 Qf5 49. Qd8 Qf7 50. Qg5 c5 51. Qe3 Qf5 52. g4 Qf4
53. Qa3 Bc4+ 54. Ke1 Qxh2 55. Qa7+ Bf7 56. Qe7 d5 57. Qxc5 Qf4 58. Qc7 d4 59.
Qe7 d3 60. Nxd3 0-1

[Event "VI Torneo Primavera Vomero"]
[Site "Napoli ITA"]
[Date "2009.03.12"]
[Round "1"]
[White "Lombardo, Claudio"]
[Black "Ficco, Corrado"]
[Result "0-1"]
[WhiteElo "1736"]
[BlackElo "2154"]
[PlyCount "74"]
[EventDate "2009.03.12"]

1. d4 f5 2. c4 Nf6 3. Nc3 g6 4. Nf3 Bg7 5. Bf4 d6 6. e3 Nh5 7. Bg3 O-O 8. Be2
Nc6 9. Rc1 Nxg3 10. hxg3 e5 11. d5 Nb8 12. O-O Na6 13. a3 g5 14. Qc2 g4 15. Nd2
Qg5 16. Nd1 Rf6 17. f4 gxf3 18. Nxf3 Qxg3 19. Rf2 Bd7 20. b4 c5 21. dxc6 Bxc6
22. c5 Nc7 23. cxd6 Rxd6 24. Qc5 Rad8 25. b5 Ne6 26. Qc2 Be4 27. Qb3 Kh8 28.
Nc3 Bh6 29. Nxe4 fxe4 30. Qc3 exf3 31. Rxf3 Qg5 32. Rcf1 Rf8 33. Rxf8+ Nxf8 34.
Qc8 Rf6 35. Rf3 Rxf3 36. Bxf3 e4 37. Bg4 Qxe3+ 0-1

[Event "VI Torneo Primavera Vomero"]
[Site "Napoli ITA"]
[Date "2009.03.12"]
[Round "1"]
[White "Lombardo, Michele"]
[Black "Miccoli, Livio"]
[Result "1-0"]
[WhiteElo "2021"]
[BlackElo "1607"]
[PlyCount "59"]
[EventDate "2009.03.12"]

1. e4 e6 2. Nf3 d5 3. e5 Ne7 4. b4 Nf5 5. c3 c5 6. bxc5 Bxc5 7. d4 Bb6 8. Ba3
Nc6 9. Bd3 Bd7 10. Nbd2 Nfe7 11. O-O h6 12. Nh4 Ba5 13. Rc1 a6 14. f4 b5 15. f5
Nxf5 16. Nxf5 exf5 17. Nb3 g6 18. Nc5 Qc8 19. g4 Ne7 20. Qf3 Bd8 21. Nxd7 Qxd7
22. Rce1 Qe6 23. Bxe7 Qxe7 24. gxf5 Qg5+ 25. Kh1 Ba5 26. fxg6 Rf8 27. Qxd5 Rd8
28. gxf7+ Ke7 29. Qc5+ Ke6 30. Rf6+ 1-0

[Event "VI Torneo Primavera Vomero"]
[Site "Napoli ITA"]
[Date "2009.03.12"]
[Round "1"]
[White "Messina, Enrico"]
[Black "Ricci, Giuseppe"]
[Result "1-0"]
[WhiteElo "2147"]
[BlackElo "1911"]
[PlyCount "42"]
[EventDate "2009.03.12"]

1. e4 c5 2. Nf3 d6 3. d4 cxd4 4. Nxd4 Nf6 5. Nc3 a6 6. Be3 e6 7. f3 Be7 8. Qd2
b5 9. g4 O-O 10. g5 Ne8 11. O-O-O Qa5 12. Kb1 Bb7 13. Nd5 Qd8 14. Nxe7+ Qxe7
15. h4 Nd7 16. Qg2 Rc8 17. Bc1 d5 18. f4 Nc5 19. e5 Qc7 20. Bd3 Kh8 21. c3 Qe7
1-0

[Event "VI Torneo Primavera Vomero"]
[Site "Napoli ITA"]
[Date "2009.03.12"]
[Round "1"]
[White "Pinto, Gaetano"]
[Black "Caccaviello, Vincenzo"]
[Result "1/2-1/2"]
[WhiteElo "2044"]
[BlackElo "1688"]
[PlyCount "101"]
[EventDate "2009.03.12"]

1. d4 d5 2. c4 c6 3. cxd5 cxd5 4. Nc3 e6 5. Nf3 Nf6 6. Bg5 Be7 7. e3 O-O 8. Bd3
Nc6 9. a3 a6 10. O-O Qc7 11. Rc1 Bd7 12. Qe2 Rac8 13. Rfd1 Rfd8 14. Bb1 g6 15.
Bd3 Be8 16. Rc2 b5 17. b4 Kg7 18. Rdc1 Qb7 19. Nb1 Bxb4 20. Ne5 Be7 21. Nxc6
Rxc6 22. f4 Rxc2 23. Rxc2 Rc8 24. h3 Rxc2 25. Qxc2 Qc6 26. Qd1 Ng8 27. Bxe7
Nxe7 28. Qc2 Qxc2 29. Bxc2 Nc8 30. Kf2 Nb6 31. Ke2 Nc4 32. Bb3 Nd6 33. Nd2 Kf6
34. Kd3 Ke7 35. Kc3 a5 36. Ba2 Nf5 37. Kd3 Kd6 38. Nb3 a4 39. Nc5 Kc6 40. g4
Nd6 41. g5 Kb6 42. Kd2 Ka5 43. Kc3 Bc6 44. Nd3 Ne4+ 45. Kc2 Be8 46. Bb1 Nd6 47.
Ba2 Nf5 48. Kd2 Ne7 49. Nb4 Nc6 50. Nxc6+ Bxc6 51. Kc3 1/2-1/2

[Event "VI Torneo Primavera Vomero"]
[Site "Napoli ITA"]
[Date "2009.03.19"]
[Round "2"]
[White "Caccaviello, Vincenzo"]
[Black "Della Corte, Alessandro"]
[Result "0-1"]
[WhiteElo "1688"]
[BlackElo "2238"]
[PlyCount "102"]
[EventDate "2009.03.12"]

1. e4 c5 2. Nf3 d6 3. d4 cxd4 4. Nxd4 Nf6 5. Nc3 a6 6. a3 e6 7. Be2 Be7 8. O-O
Qc7 9. Be3 Nc6 10. Rb1 O-O 11. f3 b5 12. Bf2 Bb7 13. Nxc6 Bxc6 14. Qd4 Nd7 15.
Rfd1 Rfd8 16. Kh1 Rac8 17. Qa7 Bb7 18. Qd4 Ne5 19. Qb6 Qb8 20. Qa7 Qxa7 21.
Bxa7 Nc4 22. Bxc4 Rxc4 23. Rd4 Rc6 24. Rd3 Rdc8 25. Bd4 Rc4 26. Kg1 f6 27. Kf1
Kf7 28. Ke2 a5 29. Rc1 b4 30. axb4 axb4 31. Na2 Rxc2+ 32. Rxc2 Rxc2+ 33. Rd2
Rxd2+ 34. Kxd2 e5 35. Be3 d5 36. exd5 Bxd5 37. Nc1 g5 38. Kd3 f5 39. Ke2 Ke6
40. g3 Bc4+ 41. Kd2 Kd5 42. b3 Bb5 43. f4 exf4 44. gxf4 g4 45. Ne2 Bxe2 46.
Kxe2 Ke4 47. Kf2 Bd6 48. Bd2 Kd3 49. Be1 Kc2 50. Kg3 Kxb3 51. Bf2 Kc4 0-1

[Event "VI Torneo Primavera Vomero"]
[Site "Napoli ITA"]
[Date "2009.03.19"]
[Round "2"]
[White "Capaldo, Salvatore"]
[Black "Angelotti, Mario"]
[Result "0-1"]
[WhiteElo "1577"]
[BlackElo "1398"]
[PlyCount "38"]
[EventDate "2009.03.12"]

1. e4 c5 2. Nf3 Nc6 3. d4 cxd4 4. Nxd4 g6 5. c3 Bg7 6. Be3 Nf6 7. f3 O-O 8. Be2
d5 9. Nd2 dxe4 10. Nxe4 Nxe4 11. fxe4 Ne5 12. O-O a6 13. Qc2 Qc7 14. Qc1 Bg4
15. Bxg4 Nxg4 16. Bf4 e5 17. Bg3 Qb6 18. h3 exd4 19. hxg4 dxc3+ 0-1

[Event "VI Torneo Primavera Vomero"]
[Site "Napoli ITA"]
[Date "2009.03.19"]
[Round "2"]
[White "Capozzoli, Silvio"]
[Black "Cante, Guido"]
[Result "1-0"]
[WhiteElo "1944"]
[BlackElo "1781"]
[PlyCount "33"]
[EventDate "2009.03.12"]

1. e4 Nf6 2. Nc3 d5 3. e5 Ne4 4. Qf3 Nxc3 5. bxc3 b6 6. d4 e6 7. Nh3 h6 8. Bd3
c5 9. O-O c4 10. Bxc4 Qc7 11. Bd3 Bd7 12. Bd2 Nc6 13. Nf4 Ba3 14. Nh5 O-O-O 15.
Nxg7 Nxe5 16. dxe5 Qxe5 17. Ba6+ 1-0

[Event "VI Torneo Primavera Vomero"]
[Site "Napoli ITA"]
[Date "2009.03.19"]
[Round "2"]
[White "De Fazio, Giovanni"]
[Black "De Rosa, Francesco"]
[Result "1/2-1/2"]
[WhiteElo "1812"]
[BlackElo "1948"]
[PlyCount "116"]
[EventDate "2009.03.12"]

1. e4 c5 2. c3 d5 3. exd5 Qxd5 4. d4 Nc6 5. Nf3 cxd4 6. Nxd4 a6 7. Qf3 Qxf3 8.
Nxf3 e5 9. Be2 Nf6 10. O-O Bc5 11. Nbd2 O-O 12. h3 e4 13. Nh2 e3 14. fxe3 Bxe3+
15. Kh1 Re8 16. Bf3 Ne5 17. Nb3 Nxf3 18. Nxf3 Nh5 19. Re1 Ng3+ 20. Kh2 Nf5 21.
g4 Bd7 22. gxf5 Bxc1 23. Raxc1 Bxf5 24. Nfd4 Be4 25. Nd2 Bd3 26. Kg3 Kf8 27.
Kf2 Red8 28. Re3 Bg6 29. Rce1 Rd6 30. N2f3 b5 31. a3 h6 32. Nh4 Bh5 33. Kg3 f6
34. Nhf3 Rc8 35. Ne6+ Kg8 36. Nfd4 Bf7 37. Nxg7 Rxd4 38. cxd4 Kxg7 39. R1e2 Rd8
40. Rd2 a5 41. Re7 Kg6 42. Rb7 Rd5 43. Rc7 Rg5+ 44. Kh2 Bc4 45. Rg2 Kf5 46.
Rxg5+ hxg5 47. Re7 a4 48. Kg3 Be6 49. Kf2 Bd5 50. Ke3 Bc4 51. Re8 Bb3 52. Rb8
Bc4 53. Rb6 Bf1 54. d5 Ke5 55. d6 Bxh3 56. Rxb5+ Kxd6 57. Rb4 Bd7 58. Rb6+ Ke5
1/2-1/2

[Event "VI Torneo Primavera Vomero"]
[Site "Napoli ITA"]
[Date "2009.03.19"]
[Round "2"]
[White "De Meo, Guido"]
[Black "Franco, Vincenzo"]
[Result "0-1"]
[WhiteElo "1974"]
[BlackElo "1790"]
[PlyCount "116"]
[EventDate "2009.03.12"]

1. d4 Nf6 2. c4 c5 3. d5 b5 4. e3 g6 5. Nf3 Bg7 6. cxb5 a6 7. Nc3 axb5 8. Bxb5
Qa5 9. O-O Bb7 10. Qb3 O-O 11. Bd2 Ba6 12. a4 d6 13. Rfd1 Nbd7 14. Bxa6 Qxa6
15. Nb5 Ne4 16. Qc2 Nxd2 17. Nxd2 Qb7 18. Nc4 Ra6 19. e4 Ne5 20. Rab1 Rfa8 21.
b3 Rb8 22. h3 Nd7 23. Qd2 Rba8 24. Qe1 Ne5 25. Qe2 Nd7 26. h4 h5 27. f4 Nf6 28.
Qf3 Ng4 29. Ne3 Nxe3 30. Qxe3 Qb8 31. Qd3 Rb6 32. Qf3 c4 33. bxc4 Rxa4 34. Qe2
Rba6 35. Kh1 Qc8 36. Rdc1 Ra2 37. Qf3 R6a4 38. Qf1 Qg4 39. Rb3 Qxh4+ 40. Rh3
Qg4 41. Qf3 Ra1 42. Rxa1 Rxa1+ 43. Kh2 Qxf3 44. Rxf3 Rc1 45. Na7 Rxc4 46. Re3
Bh6 47. g3 g5 48. fxg5 Bxg5 49. Re2 Kg7 50. Nb5 Bf6 51. Re3 Kh6 52. Na3 Ra4 53.
Kh3 Bg5 54. Re2 Rxa3 55. Rf2 Bf6 56. Kg2 Kg6 57. Rc2 Be5 58. Rc8 Rxg3+ 0-1

[Event "VI Torneo Primavera Vomero"]
[Site "Napoli ITA"]
[Date "2009.03.19"]
[Round "2"]
[White "Esposito, Rosario"]
[Black "La Gatta, Giovanni"]
[Result "0-1"]
[WhiteElo "1867"]
[BlackElo "2136"]
[PlyCount "90"]
[EventDate "2009.03.12"]

1. d4 Nf6 2. c4 e6 3. Nc3 Bb4 4. e3 c5 5. Bd3 Nc6 6. a3 Bxc3+ 7. bxc3 d6 8. Ne2
e5 9. d5 Ne7 10. e4 Ng6 11. O-O Nh5 12. Ng3 Nhf4 13. Nf5 O-O 14. g3 Nxd3 15.
Qxd3 Qf6 16. f4 Bxf5 17. exf5 e4 18. Qxe4 Rae8 19. Qd3 Ne7 20. g4 h5 21. g5
Qxf5 22. Qxf5 Nxf5 23. Kf2 Re4 24. Bd2 Rfe8 25. Rfe1 Kf8 26. Rxe4 Rxe4 27. a4
Rxc4 28. Ke2 Re4+ 29. Kd3 Re7 30. a5 Ke8 31. Re1 Rxe1 32. Bxe1 Kd7 33. Ke4 g6
34. c4 Kc7 35. Bc3 b6 36. axb6+ Kxb6 37. Kd3 a5 38. Ke4 a4 39. Kd3 Nd4 40. Ke4
a3 41. Kd3 a2 42. h3 Nb3 43. Ke4 a1=Q 44. Bxa1 Nxa1 45. f5 Nb3 0-1

[Event "VI Torneo Primavera Vomero"]
[Site "Napoli ITA"]
[Date "2009.03.19"]
[Round "2"]
[White "Ficco, Corrado"]
[Black "Improta, Giovanni"]
[Result "1-0"]
[WhiteElo "2154"]
[BlackElo "1886"]
[PlyCount "65"]
[EventDate "2009.03.12"]

1. e4 d6 2. d4 g6 3. Be3 Nf6 4. f3 c6 5. Qd2 Nbd7 6. c4 a5 7. Nc3 a4 8. Bd3 Qa5
9. Nge2 h5 10. O-O h4 11. Rab1 h3 12. g4 Bg7 13. Kh1 Ng8 14. Rg1 Bh6 15. g5 Bg7
16. Rg3 Nf8 17. Ng1 e5 18. Bf1 Ne6 19. dxe5 Bxe5 20. f4 Bxc3 21. bxc3 Qc7 22.
Rxh3 Rxh3 23. Nxh3 Nc5 24. Nf2 Bd7 25. e5 Bf5 26. exd6 Qa5 27. d7+ Bxd7 28. Qd6
b6 29. Rxb6 Ne6 30. Rb7 Qd8 31. Bg2 Ne7 32. Ng4 Nf5 33. Qb4 1-0

[Event "VI Torneo Primavera Vomero"]
[Site "Napoli ITA"]
[Date "2009.03.19"]
[Round "2"]
[White "Gallo, Thomas Renato"]
[Black "Messina, Enrico"]
[Result "1/2-1/2"]
[WhiteElo "1888"]
[BlackElo "2147"]
[PlyCount "109"]
[EventDate "2009.03.12"]

1. d4 Nf6 2. c4 c5 3. e3 e6 4. g3 Be7 5. Bg2 O-O 6. Nc3 Na6 7. Nge2 Nc7 8. d5
exd5 9. cxd5 d6 10. O-O b5 11. a3 Bb7 12. e4 Re8 13. Re1 Bf8 14. Nf4 Rb8 15.
Bd2 g6 16. Nd3 Bg7 17. f3 Nd7 18. Bf1 a5 19. Bf4 Nb6 20. Nf2 b4 21. axb4 axb4
22. Nb5 Nxb5 23. Bxb5 Rf8 24. Qd2 f6 25. g4 Nc8 26. Ra2 Kh8 27. Bc4 Qd7 28. Nd3
Nb6 29. Rc1 Nxc4 30. Rxc4 Ra8 31. Rxa8 Rxa8 32. Bg3 f5 33. Nf4 fxg4 34. Ne6
gxf3 35. Kf2 Ra2 36. Nxg7 Kxg7 37. Rc2 Qg4 38. Qf4 Qxf4 39. Bxf4 Ra6 40. e5
Bxd5 41. exd6 Be6 42. Rxc5 Ra7 43. Rc7+ Rxc7 44. dxc7 b3 45. Kxf3 Kf6 46. Ke3
Kf5 47. Bd6 g5 48. Kd3 h5 49. Kc3 Ke4 50. c8=Q Bxc8 51. Kxb3 h4 52. Kc4 g4 53.
b4 Kf3 54. b5 g3 55. hxg3 1/2-1/2

[Event "VI Torneo Primavera Vomero"]
[Site "Napoli ITA"]
[Date "2009.03.19"]
[Round "2"]
[White "Rosato, Luciano"]
[Black "Caiazzo, Diego"]
[Result "1-0"]
[WhiteElo "2267"]
[BlackElo "1892"]
[PlyCount "65"]
[EventDate "2009.03.12"]

1. d4 e6 2. c4 Nf6 3. Nc3 d5 4. cxd5 Nxd5 5. e4 Nxc3 6. bxc3 c5 7. Nf3 cxd4 8.
cxd4 Bb4+ 9. Bd2 Qa5 10. Rb1 Bxd2+ 11. Qxd2 Qxd2+ 12. Kxd2 O-O 13. Bc4 Nd7 14.
Ke3 Nb6 15. Bb5 Rd8 16. Rhc1 Bd7 17. Bxd7 Rxd7 18. Ne5 Re7 19. Rc2 Rc8 20. Rbc1
Rxc2 21. Rxc2 g6 22. f4 f5 23. g4 fxe4 24. Kxe4 Nd5 25. Rc8+ Kg7 26. g5 Rc7 27.
Re8 Re7 28. Ra8 a6 29. Rb8 Nc3+ 30. Kf3 Nxa2 31. Ng4 h5 32. gxh6+ Kh7 33. Nf6+
1-0

[Event "VI Torneo Primavera Vomero"]
[Site "Napoli ITA"]
[Date "2009.03.19"]
[Round "2"]
[White "Sorrentino, Michele"]
[Black "Accardo, Francesco"]
[Result "0-1"]
[WhiteElo "2026"]
[BlackElo "1861"]
[PlyCount "78"]
[EventDate "2009.03.12"]

1. Nf3 b5 2. d4 Bb7 3. g3 e6 4. Bg2 c5 5. e3 Nc6 6. O-O d5 7. Nbd2 Nf6 8. c3 h5
9. Qe2 c4 10. e4 Be7 11. exd5 Nxd5 12. Ne4 h4 13. Bg5 hxg3 14. fxg3 f6 15. Bd2
Qb6 16. Nf2 e5 17. dxe5 O-O-O 18. exf6 gxf6 19. Rad1 Kb8 20. Nh4 Bc5 21. Kh1
Rde8 22. Qf3 Ne5 23. Qe2 Nd3 24. Ne4 f5 25. Nxf5 Qg6 26. Qf3 Nf6 27. Bf4+ Ka8
28. Nxc5 Nxc5 29. Nd6 Bxf3 30. Bxf3+ Nce4 31. Nxe8 Rxe8 32. Rd6 Qf5 33. Re1 Nd5
34. Rxd5 Qxd5 35. Kg2 a5 36. Rd1 Qf5 37. Rd6 Rh8 38. Rd2 Ka7 39. Bxe4 Qxe4+ 0-1

[Event "VI Torneo Primavera Vomero"]
[Site "Napoli ITA"]
[Date "2009.03.19"]
[Round "2"]
[White "Vannini, Aldo"]
[Black "Lombardo, Michele"]
[Result "0-1"]
[WhiteElo "1853"]
[BlackElo "2021"]
[PlyCount "70"]
[EventDate "2009.03.12"]

1. e4 c5 2. Nf3 d6 3. d4 cxd4 4. Nxd4 Nf6 5. Nc3 a6 6. Bc4 b5 7. Bb3 Bb7 8. O-O
e6 9. Bg5 Be7 10. f3 O-O 11. a3 Nbd7 12. Rc1 Rc8 13. Re1 Nb6 14. Kh1 Nc4 15.
Bxc4 Rxc4 16. Qd3 Ng4 17. Be3 Nxe3 18. Qxe3 e5 19. Nde2 Bg5 20. f4 Bh6 21. Rcd1
f5 22. b3 exf4 23. Nxf4 Rxc3 24. Qxc3 Bxf4 25. exf5 Qg5 26. Re2 Be5 27. Qd2 Qh4
28. Rxe5 dxe5 29. Kg1 Rxf5 30. g3 Qe7 31. Qd8+ Qxd8 32. Rxd8+ Rf8 33. Rd7 Be4
34. c4 bxc4 35. bxc4 Rc8 0-1

[Event "VI Torneo Primavera Vomero"]
[Site "Napoli ITA"]
[Date "2009.03.26"]
[Round "3"]
[White "Accardo, Francesco"]
[Black "Ficco, Corrado"]
[Result "0-1"]
[WhiteElo "1861"]
[BlackElo "2154"]
[PlyCount "62"]
[EventDate "2009.03.12"]

1. g4 d5 2. Bg2 e5 3. d4 e4 4. g5 c6 5. h4 h6 6. c4 hxg5 7. Nh3 gxh4 8. Nc3 Nf6
9. Bg5 Bb4 10. Nf4 h3 11. Nxh3 Qa5 12. Qc2 Bxh3 13. Bxh3 Nbd7 14. Bxd7+ Kxd7
15. O-O-O Bxc3 16. bxc3 Rae8 17. Kb1 Rxh1 18. Rxh1 dxc4 19. Rg1 Nd5 20. Bd2 g6
21. Ka1 e3 22. fxe3 Nxe3 23. Qb2 Qb5 24. Qc1 Nf5 25. Re1 Ng3 26. Qa3 Qa6 27.
Qb4 Qb5 28. Qa3 a5 29. Bf4 Ne4 30. Rb1 Qa6 31. Qb2 Kc8 0-1

[Event "VI Torneo Primavera Vomero"]
[Site "Napoli ITA"]
[Date "2009.03.26"]
[Round "3"]
[White "Angelotti, Mario"]
[Black "Vannini, Aldo"]
[Result "0-1"]
[WhiteElo "1398"]
[BlackElo "1853"]
[PlyCount "100"]
[EventDate "2009.03.12"]

1. e4 c5 2. Nf3 d6 3. d4 cxd4 4. Nxd4 Nf6 5. Nc3 a6 6. Be3 e5 7. Nf3 Be7 8. Qd2
Nc6 9. Bc4 O-O 10. O-O Bg4 11. Ne1 b5 12. Bd5 Rc8 13. f3 Bd7 14. a4 b4 15. Bxc6
Bxc6 16. Nd5 Bxd5 17. exd5 Qa5 18. Bg5 Qxd5 19. Nd3 a5 20. Bxf6 Bxf6 21. Rfd1
Qc6 22. Rac1 h6 23. c3 Bg5 24. f4 bxc3 25. Rxc3 Qb6+ 26. Kh1 exf4 27. Nxf4 Rfd8
28. Qd4 Qxd4 29. Rxd4 Bf6 30. Rxc8 Rxc8 31. Rd1 Bxb2 32. g3 Ba3 33. Nd5 Kf8 34.
Nb6 Rc6 35. Rb1 Bb4 36. Nd5 Rc4 37. Nxb4 Rxb4 38. Rd1 Ke7 39. Re1+ Kd7 40. Rf1
f6 41. Ra1 d5 42. Kg1 d4 43. Kf1 Kd6 44. Ra3 Kd5 45. h3 Ke4 46. Ke2 Rb2+ 47.
Kf1 d3 48. g4 Ke3 49. h4 Rf2+ 50. Kg1 Rf4 0-1

[Event "VI Torneo Primavera Vomero"]
[Site "Napoli ITA"]
[Date "2009.03.26"]
[Round "3"]
[White "Cante, Guido"]
[Black "Sorrentino, Michele"]
[Result "1-0"]
[WhiteElo "1781"]
[BlackElo "2026"]
[PlyCount "98"]
[EventDate "2009.03.12"]

1. e4 e6 2. d3 c5 3. Nf3 Nc6 4. g3 g6 5. Bg2 Bg7 6. O-O Nf6 7. Nbd2 O-O 8. Re1
b5 9. a4 b4 10. Nc4 Qc7 11. Bf4 Qd8 12. Bd6 Re8 13. e5 Nd5 14. Bxc5 Bf8 15.
Bxf8 Rxf8 16. Nd6 Qe7 17. Qd2 Kg7 18. h4 Nxe5 19. Nxe5 Qxd6 20. Ng4 f6 21. Qh6+
Kh8 22. h5 g5 23. c4 bxc3 24. bxc3 Rb8 25. c4 Ba6 26. Rab1 Rxb1 27. Rxb1 f5 28.
Bxd5 fxg4 29. Be4 Qe7 30. Bxh7 Qg7 31. Qxg7+ Kxg7 32. Bg6 Rc8 33. Kg2 Rc7 34.
f4 gxf4 35. gxf4 Bb7+ 36. Kg3 Bf3 37. Rb8 d5 38. cxd5 exd5 39. Kh4 d4 40. Kg5
Rc5+ 41. f5 Rxf5+ 42. Kxf5 g3 43. Kg5 Bxh5 44. Bxh5 g2 45. Rb1 a5 46. Rg1 Kf8
47. Rxg2 Ke7 48. Kf4 Kd6 49. Rg4 Kc6 1-0

[Event "VI Torneo Primavera Vomero"]
[Site "Napoli ITA"]
[Date "2009.03.26"]
[Round "3"]
[White "Della Corte, Alessandro"]
[Black "De Fazio, Giovanni"]
[Result "0-1"]
[WhiteElo "2238"]
[BlackElo "1812"]
[PlyCount "88"]
[EventDate "2009.03.12"]

1. e4 d5 2. exd5 Nf6 3. d4 Nxd5 4. Nf3 e6 5. Be2 Be7 6. O-O O-O 7. c4 Nf6 8.
Be3 Ng4 9. Bf4 Bd6 10. Bg5 Be7 11. Bf4 Bd6 12. Bc1 b6 13. h3 Nf6 14. Be3 Bb7
15. Nc3 c6 16. Qb3 Qc7 17. Rac1 Bf4 18. Bxf4 Qxf4 19. Rfd1 Rd8 20. a4 g5 21. d5
exd5 22. Rd4 Qxc1+ 23. Nd1 g4 24. hxg4 Ne4 25. cxd5 cxd5 26. Nh4 Nc6 27. Rxd5
Nd4 28. Rxd4 Rxd4 29. Nf5 Rd7 30. Kh2 Bd5 31. Qh3 Qf4+ 32. g3 Qe5 33. f4 Qf6
34. g5 Qe6 35. Bg4 Qc6 36. Nde3 Be6 37. Qh6 Rd2+ 38. Ng2 Rxg2+ 39. Kxg2 Nxg5+
40. Kh2 Qc2+ 41. Kg1 Qc1+ 42. Kf2 Qd2+ 43. Kg1 Qe1+ 44. Kg2 Bd5+ 0-1